| 000 | | | 04331nac2a22003131x 450 |
| 001 | | | b737b915-ae7b-4567-8c9d-9ebb819d95eb |
| 005 | | | 20160411154726.0 |
| 100 | ## | $a | 20151228l19151915k y0rusy50 ca |
| 101 | 0# | $a | rus |
| 102 | ## | $a | RU |
| 105 | ## | $a | y z ||||| |
| 122 | 2# | $a | d19150427 |
| | $a | d19150503 |
| 122 | 2# | $a | d19150504 |
| | $a | d19150510 |
| 200 | 1# | $a | Распоряжения Джунковского губернаторам о маршруте, мерах охраны и порядке следования царского поезда в Ставку. 4-10 мая 1915 г. |
| | $j | 27 апреля - 3 мая 1915 |
| 215 | ## | $a | 44 листа |
| 251 | ## | $c | Дело |
| 300 | ## | $a | Заголовок дела на папке: Путешествие Его Императорского Величества в Царскую Ставку 4-10 мая |
| 300 | ## | $a | На папке дела: Май 1915 г. |
| 300 | ## | $a | В деле имеются телеграммы |
| 300 | ## | $a | Часть текста рукописная и машинописная, часть - напечатана типографским способом |
| 324 | ## | $a | В деле имеются копии отдельных документов |
| 330 | ## | $a | Входит в раздел описи: Секретарская часть товарища министра внутренних дел генерал-майора В. Ф. Джунковского. 1915 г. |
| 461 | #0 | $1 | 00154d4ecd5-9f21-45da-9c21-d800698a035e |
| | $1 | 2001 |
| | $a | КАНЦЕЛЯРИЯ ТОВАРИЩА МИНИСТРА ВНУТРЕННИХ ДЕЛ, КОМАНДИРА ОТДЕЛЬНОГО КОРПУСА ЖАНДАРМОВ В. Ф. ДЖУНКОВСКОГО |
| | $1 | 251 |
| | $c | Фонд |
| | $1 | 852 |
| | $j | 270 |
| 462 | #0 | $1 | 00123061477-a257-4ad5-a80a-0564e1cd65ba |
| | $1 | 2001 |
| | $a | Секретная часть. 1912-1915 гг. |
| | $v | Д. 126 |
| | $1 | 251 |
| | $c | Опись |
| | $1 | 852 |
| | $j | 1 |
| 517 | 1# | $a | Путешествие Его Императорского Величества в Царскую Ставку 4-10 мая |
| 600 | #1 | $a | Джунковский |
| | $b | В. Ф. |
| 801 | #0 | $a | RU |
| | $b | GA_RF |
| 801 | #1 | $a | RU |
| | $b | НПО Опыт |
| | $c | 20151228 |
| | $2 | rusmarc |
| 801 | #2 | $a | RU |
| | $b | ПБ им. Б.Н. Ельцина |
| | $c | 20160411 |
| | $g | RCR |
| | $2 | rusmarc |
| 852 | ## | $a | ГА РФ |
| | $j | 126 |
| 937 | ## | $d | 71031241 |
| | $h | ПБ |
| 035 | ## | $a | RuPRLIB51035293 |